000 01790cam a22004214i 4500
003 PE-LiUPU
005 20250731173143.0
008 150623s1980 ilu r 000 0 eng d
035 _a(Sirsi) a27640
040 _aPE-LiUPU
_bspa
_cPE-LiUPU
_erda
049 _aPRUA
082 0 4 _a224.5077
_bF76D
_221
100 1 _aFord, Desmond,
_eautor.
245 1 0 _aDaniel 8:14 the day of atonement and the investigative judgment /
_cDesmond Ford.
264 1 _aChicago :
_bEuangelion Press,
_c1980.
300 _a426 páginas ;
_c23 centímetros
336 _atext
_2rdacontent
337 _aunmediated
_2rdamedia
338 _avolume
_2rdacarrier
505 0 _aHistory of sanctuary problems in Seventh-day Adventist church and recognition of these problems by adventist writers -- The new testament exposition of the sanctuary and the day of atonement, as found in hebrews -- Daniel and the day of atonement -- The book of revelation and the day of atonement -- Rehearsal and resolution of the problem. Ellen G. White, 1844, and the day of atonement.
526 _aSEG42
526 _aSEG41
526 _aSEG40
526 _aSEG39
526 _aP94
526 _aP87
526 _aP86
526 _aP85
526 _aP77
526 _aP76
526 _aP35
630 _aBiblia.
_pA.T.
_pDaniel 8:14
_xComentarios.
942 _2ddc
_cBOOK
949 _a224.5077 F76D
_wDEWEY
_c1
_i52938
_lCCODEBUL1
_mBUL
_p15.00
_r0
_sY
_tBOOK
_u2015-06-24
_xTEOLOGIA
_PP35
_0COMPRA
_o.STAFF. Colección General
596 _a1
999 _a224.5077 F76D
_wDEWEY
_c34801
_i52938
_d34801
_e2016-8-21
_f2021-11-9
_g5
_lCCODEBUL1
_mBUL
_n2
_p15.00
_r0
_sY
_tBOOK
_u2015-6-24
_xTEOLOGIA
_PP35
_0COMPRA
_o.STAFF. Colección Teología
980 _81
_gALBERTO SANCHEZ Responsable de Automatización